UBT Library

Kallëzimet e Gjyshes Pastërtores (Record no. 60912)

000 -LEADER
fixed length control field 00312nam a22001337a 4500
008 - FIXED-LENGTH DATA ELEMENTS--GENERAL INFORMATION
fixed length control field 260323b ||||| |||| 00| 0 eng d
020 ## - INTERNATIONAL STANDARD BOOK NUMBER
International Standard Book Number 9789951057431
041 ## - LANGUAGE CODE
Language code of text/sound track or separate title eng
080 ## - UNIVERSAL DECIMAL CLASSIFICATION NUMBER
Universal Decimal Classification number 821.18
100 ## - Rafti
Rafti 26
101 ## - Shkurtesa
Shkurtesa Prralla
245 ## - TITLE STATEMENT
Title Kallëzimet e Gjyshes Pastërtores
Statement of responsibility, etc Bedri Dedja
942 ## - ADDED ENTRY ELEMENTS (KOHA)
Source of classification or shelving scheme
Item type Books
Holdings
Withdrawn status Lost status Source of classification or shelving scheme Damaged status Not for loan Collection code Permanent location Current location Date acquired Total Checkouts Barcode Date last seen Price effective from Koha item type
          Koleksioni i përgjithshem UBT - Lipjan UBT - Lipjan 03/23/2026   003-800070999227 03/23/2026 03/23/2026 Books
          Koleksioni i përgjithshem UBT - Lipjan UBT - Lipjan 03/23/2026   003-800070999228 03/23/2026 03/23/2026 Books
          Koleksioni i përgjithshem UBT - Lipjan UBT - Lipjan 03/23/2026   003-800070999229 03/23/2026 03/23/2026 Books
          Koleksioni i përgjithshem UBT - Lipjan UBT - Lipjan 03/23/2026   003-800070999230 03/23/2026 03/23/2026 Books
          Koleksioni i përgjithshem UBT - Lipjan UBT - Lipjan 03/23/2026   003-800070999231 03/23/2026 03/23/2026 Books
          Koleksioni i përgjithshem UBT - Lipjan UBT - Lipjan 03/23/2026   003-800070999232 03/23/2026 03/23/2026 Books
UBT Library © 2015-2024. All rights reserved University Education for Business and Technology